000
00369nam a2200133Ia 4500
008
151001s9999||||xx |||||||||||||| ||und||
100
_a
श्याम फडके
245
_a
तीन एकांकिका
250
_a
1
260
_b
प्रेस्टीज पब्लिकेशन पुणे
260
_c
1969
300
_a
65
365
_b
18
999
_c
957530
_d
957527